000
00330nam a2200133Ia 4500
008
250612s9999 xx 000 0 und d
082
_a
923.25491 HAS
100
_a
Hasrat, Chiragh Hassan
245
0
_a
Quaid E Azam
260
_a
Karachi:
_b
National Book Foundation,
_c
1976
300
_a
96p.
600
_a
Biography
942
_c
GB
999
_c
31508
_d
31508